Estatísticas para Adivinhe a Letra: Hino Nacional do Brasil

Clique aqui para jogar o quiz

Estatísticas Gerais

  • Esse quiz foi jogado 777 vezes
  • A pontuação média é 201 de 250

Estatísticas das Respostas

Letra% Correto
ó
99%
O
99%
o
99%
Ó
99%
A
98%
à
98%
a
98%
Do
96%
do
96%
mar
96%
De
95%
de
95%
Ipiranga
95%
margens
95%
plácidas
95%
um
95%
as
94%
e
94%
E
94%
Ouviram
94%
povo
93%
heroico
91%
Pátria
91%
pátria
91%
Brasil,
90%
Brasil!
90%
da
90%
liberdade,
90%
se
90%
Se
90%
sol
90%
te
90%
amada,
89%
amada!
89%
brado
89%
no
89%
raio
89%
retumbante,
89%
céu
88%
céu,
88%
dessa
88%
és
88%
És
88%
Em
87%
em
87%
forte,
87%
igualdade
87%
instante
87%
penhor
87%
Brilhou
86%
morte
86%
morte!
86%
nesse
86%
própria
86%
Salve!
86%
seio
86%
seio,
86%
teu
86%
braço
85%
Idolatrada,
85%
Terra
85%
terra
85%
terra,
85%
raios
84%
amor
83%
com
83%
conquistar
83%
Cruzeiro
83%
peito
82%
sonho
82%
Conseguimos
81%
desce,
81%
esperança
81%
filho
81%
tu,
81%
vívido
81%
imagem
80%
nosso
80%
resplandece
80%
mãe
79%
colosso,
78%
gentil,
78%
límpido,
78%
natureza,
78%
formoso
77%
intenso,
77%
mil,
77%
risonho
77%
belo,
76%
Desafia
76%
Entre
76%
fúlgidos,
76%
futuro
76%
Gigante
76%
outras
76%
pela
76%
adora,
75%
filhos
74%
grandeza
74%
adorada,
73%
deste
72%
essa
72%
solo
72%
mais
70%
Dos
69%
espelha
69%
que
69%
têm
68%
vida
68%
vida,
68%
impávido
66%
América,
65%
ao
65%
Ao
65%
Deitado
65%
berço
64%
bosques
64%
esplêndido,
64%
eternamente
64%
luz
64%
profundo,
64%
flores
63%
som
63%
amores
62%
luta,
62%
foge
61%
Mundo!
61%
não
61%
Nossa
61%
Nossos
61%
Novo
60%
campos
59%
eterno
58%
garrida,
58%
glória
58%
passado"
58%
seja
58%
"Paz
56%
Verás
56%
estrelado,
55%
símbolo
55%
Teus
55%
florão
54%
Fulguras,
54%
lindos
54%
Iluminado
53%
lábaro
52%
verde-louro
52%
flâmula:
50%
risonhos,
50%
justiça
49%
clava
48%
Mas,
48%
ostentas
48%
quem
47%
Nem
45%
teme,
44%
diga
41%
ergues
41%

Distribuição das Pontuações

Percentil de Números Respondidos

Porcentagem de Pessoas com Cada Pontuação

Sua Pontuação Histórica

Você não jogou esse quiz